[Event "Baltic Zonal II Stage 2018"]
[Site "Palanga"]
[Date "2018.06.18"]
[Round "7"]
[White "Vedrickas, Tautvydas"]
[Black "Garanin, Aleksei"]
[Result "1-0"]
[WhiteElo "2408"]
[BlackElo "2171"]
[Annotator "TA"]
[PlyCount "63"]
[EventDate "2018.??.??"]
[EventType "swiss"]
[EventCountry "LTU"]
[SourceTitle "playchess.com"]
[Source "ChessBase"]
[SourceQuality "1"]

{[%evp 20,62,61,63,68,72,134,120,140,117,151,145,151,136,138,136,133,129,154,101,267,295,299,274,304,283,298,302,266,293,344,256,686,690,682,677,656,668,670,668,534,569,1431,1474,29999]} 1. d4 Nf6 2. c4 g6 3. Nc3 Bg7 4. e4 O-O 5. f3 d6 6. Bg5 c5 7. d5 a6 8. Qd2 Nbd7 9. Nge2 b5 10. cxb5 Nb6 {E81: Königsindisch (Sämisch-Angriff)} 11. Ng3 {LiveBook: 4 Partien} Nfd7 12. Bh6 Ne5 $146 (12... Bxh6 $142 13. Qxh6 Nf6) ({Vorgänger:} 12... Bxh6 13. Qxh6 Ne5 14. Qc1 c4 {½-½ (14) Adorjan,A (2565)-Fogarasi,T (2415) Hungary 1994}) 13. Bxg7 $16 Kxg7 14. b3 axb5 15. Bxb5 Ba6 16. Bxa6 Rxa6 17. f4 Ned7 18. O-O Qa8 19. h4 ({Günstiger ist} 19. Rad1) 19... h5 $2 (19... c4 $16) 20. f5 $18 Nf6 21. fxg6 fxg6 22. Qg5 {[#] Und Sf5+ würde nun gewinnen.} Kh7 23. e5 dxe5 24. Qxe5 Qd8 25. Nge4 {[%cal Bg3e4,Be4g5,Bg5f7,Bf7g5][%mdl 32]} Ng4 $2 (25... Nbd7 26. Ng5+ Kh8) 26. Ng5+ Kh6 {[#]} 27. Rf7 $3 {[%mdl 512]} Rxf7 28. Nxf7+ Kh7 29. Ng5+ Kh6 30. Qf4 {Weiss droht Se6+ und Matt.} Nxd5 31. Nxd5 {Droht Matt per Se6+.} Qxd5 32. Qf8# {Precision: Weiß = 76%, Schwarz = 29%.} 1-0

[Event "Baltic Zonal II Stage 2018"]
[Site "Palanga"]
[Date "2018.06.18"]
[Round "7"]
[White "Samolins, Vitalijs"]
[Black "Starostits, Ilmars"]
[Result "1-0"]
[WhiteElo "2406"]
[BlackElo "2461"]
[Annotator "TA"]
[PlyCount "69"]
[EventDate "2018.??.??"]
[EventType "swiss"]
[EventCountry "LTU"]
[SourceTitle "playchess.com"]
[Source "ChessBase"]
[SourceQuality "1"]

{[%evp 16,69,12,27,39,33,40,41,41,54,43,60,55,50,66,75,153,42,41,36,66,59,110,106,122,103,91,91,103,0,0,0,0,0,0,0,0,0,39,14,259,266,268,266,417,413,446,449,434,435,437,445,437,431,1039,1023]} 1. Nf3 d5 2. d4 Nf6 3. c4 dxc4 4. e3 e6 5. Bxc4 c5 6. O-O cxd4 7. exd4 Be7 8. Nc3 O-O 9. Be3 {LiveBook: 11 Games} Nbd7 {D26: Queen's Gambit Accepted: 4 e3 e6 5 Bxc5 c5 sidelines} (9... a6 10. Ne5 Nc6 11. a3 Nxe5 12. dxe5 Nd7 13. f4 b5 14. Bd3 Bb7 15. Be4 Bc5 16. Qf3 Bxe3+ 17. Qxe3 Bxe4 18. Nxe4 {½-½ (46) Aronian,L (2805)-Vallejo Pons,F (2707) Riadh 2017}) 10. Ne5 Nb6 11. Bb3 Nbd5 {White is slightly better.} 12. Qf3 a5 $146 ({Predecessor:} 12... Qd6 13. Bg5 Nxc3 14. bxc3 a5 15. Rad1 a4 16. Bc2 Nd5 17. Qh3 {1-0 (42) Charbonneau,P (2410)-Kalod,R (2490) Paget Parish 2001}) 13. Rac1 Nxc3 14. bxc3 a4 15. Bc2 Qd5 ({Black should play} 15... Nd5) 16. c4 ({Better is} 16. Qh3 $16) 16... Qxf3 $14 17. Nxf3 Bd7 18. Rb1 b5 (18... Rfc8 $14) 19. cxb5 $16 Rfb8 {[#]} 20. Bd3 $1 Nd5 21. Ne5 Be8 22. Nc6 (22. Rfc1 $16) 22... Bxc6 $1 $11 23. bxc6 Rc8 $1 24. Rfc1 {And now Bd2 would win.} Nb4 25. Bb5 {c7 is the strong threat.} Nxa2 26. Rc4 $36 {[%mdl 2048] White fights for an advantage.} a3 (26... Nb4 $5) 27. Bd2 {Hoping for Ra1.} (27. Bf4 $5 {[%cal Rc6c7]}) 27... h6 $2 (27... Rab8 $1 $11 28. Bf4 (28. c7 Rb7 $14) 28... Nc3 29. Rxc3 a2) 28. Ra1 $18 Bd6 29. Rxa2 Rab8 (29... Rcb8 {was necessary.} 30. c7 Bxc7) 30. Ba4 Rb2 31. Rxb2 {White is clearly winning.} axb2 32. Bc2 Ra8 {( -> ...Ra1+)} 33. Kf1 Ra1+ 34. Ke2 {Strongly threatening c7.} Rc1 {[#]} (34... b1=R $142 35. c7 Bxc7) 35. Bxc1 $1 {[%mdl 512] Precision: White = 65%, Black = 43%.} 1-0

[Event "Baltic Zonal II Stage 2018"]
[Site "Palanga"]
[Date "2018.06.18"]
[Round "7"]
[White "Pultinevicius, Paulius"]
[Black "Meshkovs, Nikita"]
[Result "1/2-1/2"]
[WhiteElo "2395"]
[BlackElo "2515"]
[Annotator "TA"]
[PlyCount "40"]
[EventDate "2018.??.??"]
[EventType "swiss"]
[EventCountry "LTU"]
[SourceTitle "playchess.com"]
[Source "ChessBase"]
[SourceQuality "1"]

{[%evp 19,40,33,24,10,23,13,10,5,16,8,40,22,18,21,32,22,24,0,32,0,33,0,32]} 1. Nf3 Nf6 2. c4 e6 3. Nc3 d5 4. e3 Nbd7 5. d4 dxc4 6. Bxc4 a6 7. a4 c5 8. O-O Qc7 9. Qe2 Bd6 {D27: Angenommenes Damengambit (Hauptvariante 7.e4, 7.a4)} 10. Rd1 (10. Bd2 O-O 11. dxc5 Bxc5 12. Bd3 b6 13. Rac1 a5 14. Ng5 Bb7 15. Nge4 Qe5 16. f4 Qh5 17. Qxh5 Nxh5 {½-½ (49) Abdusattorov,N (2516)-Zvjaginsev,V (2629) Moscow 2018}) 10... O-O {LiveBook: 9 Partien} 11. Ba2 b6 12. d5 exd5 $146 ({Vorgänger:} 12... Ne5 13. h3 Nxf3+ 14. Qxf3 Bb7 15. e4 exd5 16. exd5 Nd7 17. Ne4 {1-0 (33) Buerger,C (2235)-Brauer,V Germany 1996}) 13. Nxd5 Nxd5 14. Bxd5 ({Viel schwächer wäre} 14. Rxd5 Bb7 $15) 14... Ra7 15. h3 Nf6 16. Bc4 Ne4 17. Nd2 Nf6 18. Nf3 Ne4 19. Nd2 Nf6 20. Nf3 Ne4 $1 1/2-1/2

[Event "Baltic Zonal II Stage 2018"]
[Site "Palanga"]
[Date "2018.06.18"]
[Round "7"]
[White "Klabis, Rokas"]
[Black "Haavamae, Henrik"]
[Result "1-0"]
[WhiteElo "2383"]
[BlackElo "2209"]
[Annotator "TA"]
[PlyCount "61"]
[EventDate "2018.??.??"]
[EventType "swiss"]
[EventCountry "LTU"]
[SourceTitle "playchess.com"]
[Source "ChessBase"]
[SourceQuality "1"]

{[%evp 9,61,0,7,2,5,0,18,-19,36,33,27,28,74,58,68,-10,-8,0,-9,-12,0,0,6,0,6,4,19,16,9,9,22,0,0,0,262,268,304,264,423,416,380,379,314,167,818,791,1970,513,29991,29992,29992,29993,29994,510]} 1. e4 c6 2. d4 d5 3. Nc3 g6 4. exd5 cxd5 5. Bb5+ Bd7 (5... Nc6 6. h3 Bg7 7. Nf3 a6 8. Bxc6+ bxc6 9. Na4 Nh6 10. Bxh6 Bxh6 11. Ne5 f6 12. Nd3 O-O {½-½ (25) Bakutin,A (2334)-Brikov,I (2394) Donskoi 2018}) 6. Qe2 {B15: Caro-Kann: 3 Nc3: 3...g6 and 3...dxe4 4 Nxe4 Nf6 5 Nxf6+ exf6} Nf6 7. Bg5 Bg7 8. Nf3 {The position is equal.} Bc6 $146 (8... O-O $11) ({Predecessor:} 8... O-O 9. Bxf6 exf6 10. O-O Re8 11. Qd2 Bxb5 12. Nxb5 Nc6 {½-½ (54) Adam,G (2019)-Goczo,M (2228) Hunagry 2016}) 9. h4 a6 10. Bd3 b5 11. Ne5 b4 12. Bxf6 ({White should play} 12. Nd1 $14) 12... Bxf6 $11 13. Nd1 {[%cal Bc3d1,Bd1e3,Be3g4,Bg4f6][%mdl 32]} Qb6 14. c3 Nd7 15. h5 Bb5 16. f4 Bxd3 17. Qxd3 e6 18. Ne3 bxc3 19. bxc3 Rb8 20. N3g4 Bxe5 $1 21. fxe5 {Hoping for hxg6.} Qb2 $2 {[%mdl 8192]} (21... Qb5 $11 {and Black stays safe.} 22. Qxb5 Rxb5) 22. O-O $18 gxh5 23. Rab1 Qxa2 $2 (23... Qxb1 24. Nf6+ Nxf6 25. Rxb1 Rxb1+ 26. Qxb1 Nd7) 24. Rxb8+ Nxb8 25. Nf6+ Kd8 26. Qf3 ({Not} 26. Nxh5 Rf8 $16) (26. Qg3 $142 Qa3 {[#]} 27. Nxd5 $1 {[%mdl 512]} (27. Nxh5 Rf8 $16)) 26... Qc2 $2 {[#]} (26... Kc8) 27. Nxd5 $1 {[%mdl 512] White threatens Qf6+ and mate.} Nd7 (27... exd5 28. Qf6+) 28. Nf6 (28. Nb4 $142) 28... Rf8 (28... Qb3 $18 29. Ra1 Nb8) 29. Qa8+ {White mates.} Ke7 30. Qxa6 Nxf6 31. Qd6+ {Precision: White = 55%, Black = 21%.} 1-0

[Event "Baltic Zonal II Stage 2018"]
[Site "Palanga"]
[Date "2018.06.18"]
[Round "7"]
[White "Chukavin, Kirill"]
[Black "Malisauskas, Vidmantas"]
[Result "1/2-1/2"]
[WhiteElo "2256"]
[BlackElo "2422"]
[Annotator "TA"]
[PlyCount "44"]
[EventDate "2018.??.??"]
[EventType "swiss"]
[EventCountry "LTU"]
[SourceTitle "playchess.com"]
[Source "ChessBase"]
[SourceQuality "1"]

{[%evp 17,44,30,31,28,47,40,35,15,35,25,12,27,33,27,30,0,19,-32,-41,-43,-34,-41,-35,-39,-38,-22,-26,-29,12]} 1. e4 c5 2. Nf3 Nc6 3. d4 cxd4 4. Nxd4 Nf6 5. Nc3 d6 6. Bg5 Qb6 7. Be3 a6 {B60: Sicilian: Richter-Rauzer: Unusual Black 6th moves and 6...Bd7 without 7 Qd2} 8. Nb3 (8. a3 Nxd4 9. Bxd4 Qc6 10. Bxf6 gxf6 11. Nd5 Be6 12. c4 Rg8 13. g3 Bg7 14. Bd3 f5 15. O-O {1-0 (41) Volokitin,A (2674)-Oparin,G (2526) Yerevan 2014}) 8... Qd8 9. Be2 e6 {LiveBook: 4 Games. White has an edge.} 10. f4 b5 11. Bf3 {[#] Hoping for e5.} Bb7 12. O-O Be7 13. Qe1 O-O 14. Qg3 Nd7 {[%cal Bf6d7,Bd7c5,Bc5e6,Be6d4][%mdl 32]} 15. Rad1 Qc7 $146 16. Ne2 Bf6 17. Nbd4 (17. c3 $11) 17... Nxd4 $15 18. Bxd4 e5 19. Be3 Nc5 20. Nc3 Ne6 21. f5 Nd4 22. Rd2 Rfe8 {Precision: White = 57%, Black = 64%.} 1/2-1/2

[Event "Baltic Zonal II Stage 2018"]
[Site "Palanga"]
[Date "2018.06.19"]
[Round "8"]
[White "Kovalenko, Igor"]
[Black "Sulskis, Sarunas"]
[Result "1-0"]
[WhiteElo "2632"]
[BlackElo "2506"]
[Annotator "TA"]
[PlyCount "99"]
[EventDate "2018.??.??"]
[EventType "swiss"]
[EventCountry "LTU"]
[SourceTitle "playchess.com"]
[Source "ChessBase"]
[SourceQuality "1"]

{[%evp 17,99,1,4,0,15,7,16,14,10,2,19,15,8,0,0,0,0,0,0,0,0,-41,45,45,33,36,74,72,103,73,179,68,160,181,167,183,212,179,200,149,144,126,145,137,151,133,133,129,141,90,251,153,142,0,235,147,360,360,363,354,472,326,555,550,529,433,428,421,656,658,650,513,523,513,556,547,527,518,565,577,29968,29966,6391,2470]} 1. e4 e5 2. Bc4 Nf6 3. d3 c6 4. Nf3 d5 5. Bb3 a5 6. a4 {C24: Bishop's Opening: 2...Nf6} Bb4+ 7. c3 Bd6 8. exd5 cxd5 9. Bg5 {[%cal Bc1g5,Bg5h4,Bh4g3][%mdl 32]} Be6 {LiveBook: 9 Games} 10. O-O $146 ({Predecessor:} 10. Na3 Nbd7 11. Nb5 Bb8 12. O-O O-O 13. Re1 h6 {1-0 (24) Lu,S (2640)-Liu,G (2459) Xinghua 2018}) 10... O-O 11. Re1 Nbd7 12. Na3 Re8 13. Nb5 Bb8 $1 14. Bh4 h6 15. Qd2 Ra6 16. Ba2 g5 17. Bg3 $1 {[%cal Rf3e5]} Bf5 18. Rad1 Bg4 19. Qe3 e4 ({Black should try} 19... Bh5 $15) 20. dxe4 $14 Rxe4 21. Qd2 Bxf3 22. gxf3 Rxe1+ 23. Qxe1 Nf8 {[#]} (23... Re6 $16 {is a better defense.} 24. Qf1 Qe7) 24. Nd4 (24. c4 $1 $18) 24... Bxg3 (24... Ng6 $14) 25. hxg3 $16 ({Much less strong is} 25. fxg3 $6 Qb6 $16) 25... Qd7 26. Bb1 Nh5 27. Bf5 Qd8 28. Qe5 Ng7 29. Bc2 Rd6 30. Kg2 Nfe6 31. Nb5 Rd7 32. Bb3 {[%cal Rd1d5]} Nh5 33. Rh1 (33. f4 $142) 33... Re7 $2 (33... Qf6 $16 34. Qxf6 Nxf6) 34. Qd6 Rd7 {[#]} 35. Qe5 (35. Qa3 $1 $16 Nf6 36. Rxh6) 35... Re7 $1 $18 36. Qf5 $36 {[%mdl 2048] aiming for Bc2. White is in control.} Nef4+ $2 (36... Nhg7 $16 37. Qf6 (37. Qxd5 Qxd5 38. Bxd5 Rd7 $16) 37... h5) 37. gxf4 Nxf4+ 38. Kg3 Qb6 {Now ...Ne2+ and Black clings on.} 39. Bc2 {Intending Qh7+ and mate.} Re6 $2 (39... Ne2+ 40. Kg4 Re6 41. Qh7+ Kf8) 40. Nd4 Ne2+ 41. Nxe2 Rxe2 42. Rf1 d4 (42... Qd6+ $142 43. Kg2 Kf8) 43. Bd3 Re6 44. c4 {[%cal Bc3c4,Bc4c5][%mdl 32]} Kf8 45. Kg2 Rf6 46. Qe5 Re6 47. Qd5 Kg7 48. c5 Qxb2 49. Rb1 Qd2 50. Qxd4+ {Precision: White = 60%, Black = 44%.} (50. Rxb7 $142 Qb4 51. Rxb4 axb4 52. c6) 1-0

[Event "Baltic Zonal II Stage 2018"]
[Site "Palanga"]
[Date "2018.06.19"]
[Round "8"]
[White "Kulaots, Kaido"]
[Black "Laurusas, Tomas"]
[Result "0-1"]
[WhiteElo "2574"]
[BlackElo "2453"]
[Annotator "TA"]
[PlyCount "84"]
[EventDate "2018.??.??"]
[EventType "swiss"]
[EventCountry "LTU"]
[SourceTitle "playchess.com"]
[Source "ChessBase"]
[SourceQuality "1"]

{[%evp 21,84,32,82,44,50,25,70,73,78,60,137,157,160,141,122,76,81,75,89,31,16,19,60,43,49,52,43,0,0,0,9,-205,-207,-191,-182,-250,-214,-243,-17,-414,-294,-294,-292,-286,-280,-282,-265,-331,-263,-320,0,-336,-321,-320,-320,-409,-408,-372,-375,-384,-367,-345,-342,-322,-320]} 1. e4 c5 2. Nf3 e6 3. d4 cxd4 4. Nxd4 a6 5. Nc3 Qc7 6. Bd3 Nf6 7. Qe2 d6 8. f4 Nbd7 {B82: Sicilian Scheveningen: 6 f4} 9. g4 {[%cal Bg2g4,Bg4g5][%mdl 32]} Nc5 10. g5 Nfd7 11. Bd2 Be7 {LiveBook: 3 Games} 12. O-O-O $146 ({Predecessor:} 12. h4 Nb6 13. O-O-O Bd7 14. Kb1 O-O-O 15. Rhf1 Kb8 16. f5 {1-0 (47) Ponomariov,R (2717)-Kotsur,P (2559) Tromsoe 2014}) 12... Nxd3+ 13. cxd3 Nc5 14. Kb1 Bd7 15. f5 O-O-O (15... b5 $1 $14) 16. fxe6 $16 fxe6 {[#]} 17. Nf5 $1 {[%cal Rf5e7,Bd4f5,Bf5e3,Be3c4][%mdl 544]} Bf8 (17... exf5 $2 18. Nd5 $18) 18. Ne3 {aiming for d4.} Kb8 19. d4 Na4 20. Nxa4 ({White should play} 20. d5 $16) 20... Bxa4 $14 21. Rc1 Qb6 22. d5 Bb5 23. Nc4 exd5 $1 24. exd5 Qd4 {And now ...Re8 would win.} 25. Rhe1 Qxd5 26. Qf2 $2 (26. a4 $11 {and White has nothing to worry.} Bxa4 27. Nb6 Qf5+ 28. Ka1) 26... Bxc4 $19 27. Qb6 Qxd2 (27... Bxa2+ $2 28. Ka1 $18) 28. Qxd8+ Ka7 29. Rcd1 Qb4 $2 ({And not} 29... Qxh2 30. Re8 $11) ({Weaker is} 29... Bd3+ 30. Ka1 $11) (29... Qf4 $1 $19 {Strongly threatening ...Be6!} 30. Ka1 Bf7) 30. Qe8 $2 {[%mdl 8192]} ({Not} 30. Re8 $2 Bxa2+ $1 {[%mdl 512]} 31. Kxa2 Qa4+ 32. Kb1 Qxd1+ $19) (30. Rc1 $1 $11) 30... g6 31. Qe3+ {[#]} Qc5 $1 32. Qxc5+ dxc5 33. Rd8 {next Ree8 is good for White.} Bb5 34. Rc8 Bg7 35. Rc7 Bf8 36. Rc8 Bd7 37. Rd8 Bf5+ 38. Kc1 Bg7 39. Rxh8 Bxh8 40. Re7 Bd4 41. h4 Bf2 42. Rxh7 Bg4 {Precision: White = 48%, Black = 51%.} 0-1

[Event "Baltic Zonal II Stage 2018"]
[Site "Palanga"]
[Date "2018.06.19"]
[Round "8"]
[White "Neiksans, Arturs"]
[Black "Pultinevicius, Paulius"]
[Result "1-0"]
[WhiteElo "2561"]
[BlackElo "2395"]
[Annotator "TA"]
[PlyCount "135"]
[EventDate "2018.??.??"]
[EventType "swiss"]
[EventCountry "LTU"]
[SourceTitle "playchess.com"]
[Source "ChessBase"]
[SourceQuality "1"]

{[%evp 27,135,32,34,34,34,38,35,29,47,39,53,47,44,37,56,54,85,81,77,71,77,78,67,83,78,79,86,57,73,0,99,95,102,92,101,101,105,67,67,68,68,66,84,67,79,45,58,48,77,75,81,74,74,77,118,118,118,80,115,85,82,80,100,93,81,89,95,93,95,95,95,95,212,267,400,431,1135,1135,1135,1135,1135,1128,1120,1118,1078,1031,863,572,1092,1090,1048,1046,946,239,777,888,1241,1227,1205,1193,1189,1180,1140,1133,828,681,583,514,1016,1000]} 1. e4 e5 2. Nf3 Nc6 3. Bc4 Bc5 4. c3 Nf6 5. d3 d6 6. Nbd2 a6 7. a4 Ba7 8. h3 O-O 9. O-O Ne7 10. Re1 Ng6 {C54: Giuoco Piano: 4 c3 Nf6, main lines with 5 d4 and 5 d3} 11. Nf1 c6 (11... Be6 12. Bxe6 fxe6 13. Ng3 h6 14. d4 Nd7 15. Be3 Qe7 16. a5 Kh7 17. Nd2 Rf7 18. Nc4 {½-½ (57) Caruana,F (2822)-Nakamura,H (2769) Stavanger 2018}) 12. Ng3 Re8 13. Bb3 Be6 14. d4 h6 {LiveBook: 4 Games} 15. Be3 Bxb3 $146 ({Predecessor:} 15... Kh8 16. Qc2 Qc7 17. Rad1 b5 18. axb5 axb5 19. d5 cxd5 20. exd5 {0-1 (43) Hojjatova,A (2018)-Ghukasyan,S (2014) Moscow 2014}) 16. Qxb3 Qc7 17. Rad1 b5 18. Qc2 d5 19. Nxe5 Nxe5 20. dxe5 Qxe5 {[%cal Rd5e4]} 21. Bd4 Qg5 22. Bxa7 Rxa7 23. exd5 Rxe1+ 24. Rxe1 cxd5 25. axb5 axb5 26. Nf5 Ne4 27. Nd4 Rb7 28. Nc6 ({White should play} 28. Qd3 $16) 28... Qd2 (28... Rb6 $1 $11 {remains equal.} 29. Nb4 Rg6) 29. Qxd2 $16 Nxd2 {[%mdl 4096] Endgame KRN-KRN} 30. Ne7+ Kh7 31. Nxd5 Nc4 32. Re2 Rd7 33. Ne3 Nxe3 34. fxe3 $14 {KR-KR} Kg6 35. Kf2 Kf5 36. Kf3 Ke5 37. Rc2 Rd6 38. c4 Rf6+ 39. Ke2 bxc4 40. Rxc4 Rb6 41. b4 Ra6 42. Kf3 g6 43. Rc5+ Kd6 44. Rc2 Rb6 45. Rd2+ Ke5 46. Rb2 Rb5 47. Rb1 f5 48. h4 g5 49. g3 {[%cal Bg2g3,Bg3g4][%mdl 32]} Ke6 (49... Kd5 $16) 50. hxg5 $18 hxg5 (50... h5 {might work better.} 51. Kf4 Kf7) 51. e4 Ke5 (51... fxe4+ $142 52. Kxe4 Kd6) 52. exf5 Kxf5 53. g4+ Ke5 54. Ke3 Kd5 55. Kd3 Kc6 56. Ke4 Kd6 57. Rd1+ Ke6 {[#]} 58. Rd4 $1 {[%cal Rd4c4]} Rb8 59. Kd3 Ke5 60. Re4+ $2 (60. Kc3 Ra8 61. b5) 60... Kd5 $2 (60... Kd6 61. Kc3 Rf8) 61. Rc4 {White is clearly winning.} Ke5 62. Kc3 Rb7 63. Kb3 Rb8 64. Ka4 Ra8+ {[#]} 65. Kb5 $1 {[%cal Rb5b6]} Rb8+ 66. Ka5 Ra8+ 67. Kb6 Ra4 (67... Kd5 $142 68. Rc5+ Kd4 69. Rxg5 Rb8+ 70. Ka5 Ra8+ 71. Kb5 Rb8+ 72. Ka4 Kc4 73. Rc5+ Kd4) 68. Kc5 {Precision: White = 78%, Black = 37%.} 1-0

[Event "Baltic Zonal II Stage 2018"]
[Site "Palanga"]
[Date "2018.06.19"]
[Round "8"]
[White "Meskovs, Nikita"]
[Black "Kantans, Toms"]
[Result "1-0"]
[WhiteElo "2515"]
[BlackElo "2526"]
[Annotator "TA"]
[PlyCount "77"]
[EventDate "2018.??.??"]
[EventType "swiss"]
[EventCountry "LTU"]
[SourceTitle "playchess.com"]
[Source "ChessBase"]
[SourceQuality "1"]

{[%evp 19,77,0,5,-7,0,0,0,0,0,0,0,9,12,10,52,41,73,19,56,57,54,43,47,50,49,44,42,51,111,111,117,90,156,157,160,160,153,152,199,218,220,64,43,54,39,54,338,327,296,213,358,366,365,333,384,368,558,500,469,239]} 1. d4 Nf6 2. Nf3 g6 3. Nbd2 Bg7 4. e4 d6 5. Bd3 O-O 6. O-O Nh5 {B07: Pirc Defence: Miscellaneous Systems} (6... c5 7. c3 Qc7 8. h3 Nc6 9. d5 Ne5 10. Nxe5 dxe5 11. Re1 Ne8 12. a4 Nd6 13. Nc4 e6 14. Nxd6 Qxd6 15. Bc4 exd5 16. Bxd5 {½-½ (45) Grischuk,A (2767)-Mamedyarov,S (2809) Moscow 2018}) 7. Re1 e5 8. dxe5 dxe5 9. Nc4 Nc6 $146 ({Predecessor:} 9... Qe7 10. Bg5 f6 11. Bd2 Rd8 12. a3 Be6 13. Qc1 Qf7 14. b3 {1-0 (41) Mikadze,M (2211)-Khotenashvili,B (2493) Tbilisi 2016}) 10. c3 Nf4 {LiveBook: 7 Games} 11. Bxf4 exf4 12. e5 Re8 13. Be4 Qxd1 14. Raxd1 Be6 15. Bxc6 bxc6 16. Rd4 c5 17. Rxf4 Rad8 18. a3 (18. Ne3 $16) 18... Rd3 19. Ne3 Rb8 20. Re2 Bh6 21. Ra4 Bxe3 22. fxe3 Rd1+ 23. Kf2 Rb7 (23... Bb3 $14 24. Rxa7 Bc4) 24. Kg3 Rb1 25. Ra5 c4 (25... R7xb2 $142 26. Rxb2 Rxb2) 26. Nd4 $16 R1xb2 27. Rxb2 Rxb2 {[%mdl 4096] Endgame KRB-KRN} 28. a4 ({Resist} 28. Rxa7 $6 Bd5 $14) 28... Bc8 29. Rxa7 {[#] aiming for Ra8.} Bb7 30. a5 $2 (30. e6 $18 {e7 is the strong threat.} fxe6 31. Nxe6) 30... Rxg2+ $14 31. Kf4 Rf2+ 32. Kg5 h6+ $2 {[%mdl 8192]} ({Black should try} 32... Bh1 $1 $14) 33. Kxh6 $18 Rxh2+ 34. Kg5 Rg2+ (34... Bd5 {keeps fighting.} 35. Rxc7 Ra2) 35. Kf6 Rf2+ 36. Ke7 Be4 37. Rxc7 g5 (37... Ra2 {was called for.} 38. Ra7 (38. Rxc4 Rxa5 39. Kf6 Ra6+ 40. e6 fxe6 $18) 38... Kg7) 38. Rxc4 g4 {[#]} 39. e6 {Precision: White = 66%, Black = 49%.} (39. Ne2 $142 $1 {[%mdl 512]} Bf3 (39... Rxe2 40. Rxe4) 40. Ng3) 1-0

[Event "Baltic Zonal II Stage 2018"]
[Site "Palanga"]
[Date "2018.06.19"]
[Round "8"]
[White "Starostits, Ilmars"]
[Black "Garanin, Aleksei"]
[Result "1/2-1/2"]
[WhiteElo "2461"]
[BlackElo "2171"]
[Annotator "TA"]
[PlyCount "158"]
[EventDate "2018.??.??"]
[EventType "swiss"]
[EventCountry "LTU"]
[SourceTitle "playchess.com"]
[Source "ChessBase"]
[SourceQuality "1"]

{[%evp 11,158,16,11,8,23,33,34,4,12,12,36,27,48,35,46,42,76,64,72,36,33,14,20,10,40,47,40,40,50,38,86,35,51,0,83,86,90,67,87,74,68,75,102,87,91,35,67,74,76,70,86,80,66,73,73,55,107,71,150,142,127,50,158,10,13,0,0,0,0,0,0,0,0,0,0,0,0,0,0,0,0,0,0,0,0,0,0,0,0,0,0,0,0,0,0,0,0,0,0,0,0,0,0,0,12843,12844,12845,12845,12845,0,0,0,0,0,0,0,0,0,0,0,0,0,29985,12851,12851,0,0,0,0,0,0,0,0,0,0,0,0,0,0,0,0,0,0,0,0,0,0,0,0]} 1. e4 c5 2. Nc3 d6 3. g3 Nf6 4. Bg2 g6 5. d3 Bg7 6. Nge2 {B23: Closed Sicilian: Lines without g3} O-O {LiveBook: 10 Games} (6... Nc6 7. a3 Rb8 8. Rb1 O-O 9. O-O b5 10. b4 a6 11. h3 Nd7 12. Be3 Bb7 13. Qd2 Nd4 14. f4 e6 {½-½ (32) Caruana,F (2799)-Nepomniachtchi,I (2729) London 2017}) 7. Bg5 Nbd7 8. Qd2 {White has an edge.} Rb8 9. Bh6 $146 ({Predecessor:} 9. a4 a6 10. O-O b5 11. axb5 axb5 12. Bh6 b4 13. Nd1 Ng4 14. Bxg7 Kxg7 {1-0 (35) Richter,P-Kronberg,T Pocking 1996}) 9... Bxh6 10. Qxh6 Ne5 11. h3 e6 12. O-O (12. f4 {seems wilder.} Ned7 13. a4 a6 14. g4 Kh8 15. g5) 12... Kh8 13. Qe3 Qe7 14. f4 Nc6 15. Rad1 d5 16. e5 Ne8 17. d4 cxd4 18. Nxd4 Nxd4 19. Rxd4 Ng7 20. g4 Qc5 21. Na4 (21. b4 $16 Qb6 22. Nd1) 21... Qc7 22. Nc3 {[%cal Ba4c3,Bc3d5,Bd5f6][%mdl 32]} Qc5 23. b4 Qb6 24. Rf2 Bd7 25. Bxd5 exd5 26. Nxd5 Qc6 27. Nf6 Bf5 28. Rdd2 ({Better is} 28. Qd2 $16) 28... Rbd8 29. gxf5 Nxf5 30. Qc5 Qxc5 31. bxc5 Nd4 {With the idea ...Nf3+!} 32. Ne4 Ne6 33. Kh2 Kg7 (33... Rc8 $14) 34. Kg3 Rxd2 (34... Rc8 $142) 35. Rxd2 $16 {[%mdl 4096] Endgame KRN-KRN} Rc8 36. Rd5 (36. Rd7 $16) 36... b6 {[#]} (36... Rc6 $14) 37. cxb6 (37. Rd7 $1 $16) 37... axb6 $11 38. c3 Rc4 39. Kf3 Nc5 40. Nxc5 bxc5 {KR-KR} 41. Rd3 Ra4 42. Rd2 Rc4 43. Rd3 Ra4 44. Rd7 Kg8 45. Ke3 Rxa2 46. Rc7 Rh2 47. Rxc5 Rxh3+ 48. Ke4 h5 49. Rc8+ Kg7 50. Rc7 {next e6 is good for White.} Rh1 51. c4 h4 52. Kf3 Re1 53. c5 h3 {[#] ( -> ...h2)} 54. Kg3 g5 55. Kxh3 gxf4 56. Kg4 Re4 57. Kf5 Rc4 $2 {[%mdl 8192]} (57... Re1 $11 58. Kxf4 Rf1+ 59. Kg5 Kf8) 58. e6 $18 f3 59. Rxf7+ Kg8 60. Ke5 $2 ({White should play} 60. Kf6 $18 {Strongly threatening Rg7+.} f2 61. Ke7) 60... Rxc5+ $11 61. Kd6 Rc3 62. Rf4 Rd3+ 63. Kc6 {Black must now prevent e7.} Re3 64. Kd7 {Threatens to win with e7.} Rd3+ 65. Ke8 Kg7 66. e7 Kg6 $2 {[%mdl 8192]} (66... Re3 $11) 67. Kf8 $18 Kg5 68. e8=Q $2 (68. Re4 $18 f2 69. Re5+ Kg4 70. e8=Q f1=Q+ 71. Ke7) 68... Kxf4 $11 {KQ-KR. The position is equal.} 69. Qe1 {aiming for Kf7.} Rd4 70. Kf7 Re4 71. Qd2+ Kg3 72. Qd3 Rf4+ 73. Ke6 Rg4 74. Kf5 Rf4+ 75. Ke5 {Qe3 is the strong threat.} Rg4 76. Qb3 Kg2 77. Qb7 {And now Kf5 would win.} Kg3 78. Qc7 Kg2 79. Qd7 Kg3 {Precision: White = 52%, Black = 67%.} 1/2-1/2